Core-satellite portfolio management : (Record no. 345201)
[ view plain ]
| 000 -LEADER | |
|---|---|
| fixed length control field | 01228 a2200205 4500 |
| 020 ## - INTERNATIONAL STANDARD BOOK NUMBER | |
| International Standard Book Number | 0071413375 |
| 020 ## - INTERNATIONAL STANDARD BOOK NUMBER | |
| International Standard Book Number | 9780071413374 |
| 082 04 - DEWEY DECIMAL CLASSIFICATION NUMBER | |
| Classification number | 658.152 |
| 090 ## - LOCALLY ASSIGNED LC-TYPE CALL NUMBER (OCLC); LOCAL CALL NUMBER (RLIN) | |
| -- | 2710 |
| -- | 2710 |
| 100 1# - MAIN ENTRY--PERSONAL NAME | |
| Personal name | Singleton, J. Clay. |
| 245 10 - TITLE STATEMENT | |
| Title | Core-satellite portfolio management : |
| Remainder of title | a modern approach for professionally managed funds / |
| Statement of responsibility, etc. | J. Clay Singleton. |
| 250 ## - EDITION STATEMENT | |
| Edition statement | 1st ed. |
| 260 ## - PUBLICATION, DISTRIBUTION, ETC. | |
| Place of publication, distribution, etc. | [S.l.] : |
| Name of publisher, distributor, etc. | McGraw-Hill, |
| Date of publication, distribution, etc. | 2004. |
| 300 ## - PHYSICAL DESCRIPTION | |
| Extent | 400 p. ; |
| Dimensions | 24 cm. |
| 500 ## - GENERAL NOTE | |
| General note | Hardcover. |
| 520 ## - SUMMARY, ETC. | |
| Summary, etc. | Active versus passive portfolio management is the most important policy decision institutional investors must make. In Core- Satellite Portfolio Management , J. Clay Singleton address this dilemma with the all-new core-satellite approach, which draws on the strengths of each style while eliminating the weaknesses. Prominent practitioners, consultants, and academics then join with the author to reveal how the revolutionary core-satellite method will improve investment performance for virtually every major asset class. |
| 856 40 - ELECTRONIC LOCATION AND ACCESS | |
| Materials specified | Amazon.com |
| Uniform Resource Identifier | <a href="http://www.amazon.com/exec/obidos/ASIN/0071413375/chopaconline-20">http://www.amazon.com/exec/obidos/ASIN/0071413375/chopaconline-20</a> |
| 856 40 - ELECTRONIC LOCATION AND ACCESS | |
| Materials specified | Amazon customer reviews |
| Uniform Resource Identifier | <a href="http://www.chopac.org/cgi-bin/tools/azrev.pl?q=0071413375">http://www.chopac.org/cgi-bin/tools/azrev.pl?q=0071413375</a> |
| 942 ## - ADDED ENTRY ELEMENTS (KOHA) | |
| Institution code [OBSOLETE] | NBS |
| Koha item type | Book |
| Call number prefix | 658.152 SIN |
| Withdrawn status | Lost status | Damaged status | Not for loan | Permanent Location | Current Location | Date acquired | Total Checkouts | Full call number | Barcode | Date last seen | Price effective from | Koha item type |
|---|---|---|---|---|---|---|---|---|---|---|---|---|
| Central Library (CL) | Central Library (CL) | 08/28/2013 | 658.152 SIN | NBS7401 | 08/28/2013 | 08/28/2013 | Book | |||||
| Central Library (CL) | Central Library (CL) | 08/28/2013 | 658.152 SIN | NBSD-542 | 08/28/2013 | 08/28/2013 | Book |
